Reglamento de Población y Demarcación (Record no. 125901)

MARC details
000 -LEADER
campo de control de longitud fija 00982nam a2200253 i 4500
001 - NÚMERO DE CONTROL
campo de control 125901
003 - IDENTIFICADOR DE NÚMERO DE CONTROL
campo de control ES-MaACL
005 - FECHA Y HORA DE LA ÚLTIMA TRANSACCIÓN
campo de control 20230906192722.0
007 - CAMPO FIJO DE DESCRIPCIÓN FÍSICA--INFORMACIÓN GENERAL
campo de control de longitud fija t|
008 - DATOS DE LONGITUD FIJA--INFORMACIÓN GENERAL
campo de control de longitud fija 070214s1952 sp l |||| | spa d
245 00 - MENCIÓN DEL TÍTULO
Título Reglamento de Población y Demarcación
Resto del título : contiene el citado de 17 de mayo de 1952, seguido de disposiciones complementarias /
Mención de responsabilidad, etc. comentado, concordado y extensamente anotado por la redacción de El Consultor de los Ayuntamientos.
250 ## - MENCION DE EDICION
Mención de edición 1ª ed.
260 ## - PUBLICACIÓN, DISTRIBUCIÓN, ETC.
Lugar de publicación, distribución, etc. Madrid :
Nombre del editor, distribuidor, etc. [s. n.],
Fecha de publicación, distribución, etc. 1952 (
Fabricante Imp. Florez)
300 ## - DESCRIPCIÓN FÍSICA
Extensión 245 p. ;
Dimensiones 21 cm.
490 1# - MENCIÓN DE SERIE
Mención de serie Régimen local ;
Designación de volumen o secuencia 1
500 ## - NOTA GENERAL
Nota general Precede al tít.: Abella.
700 1# - ENTRADA AGREGADA--NOMBRE PERSONAL
Nombre de persona Abella y Fuertes, Joaquín,
9 (RLIN) 18056
710 2# - ENTRADA AGREGADA--NOMBRE DE ENTIDAD CORPORATIVA
Nombre de entidad corporativa o nombre de jurisdicción como elemento de entrada El Consultor de los Ayuntamientos y de los Juzgados.
9 (RLIN) 3454
710 1# - ENTRADA AGREGADA--NOMBRE DE ENTIDAD CORPORATIVA
Nombre de entidad corporativa o nombre de jurisdicción como elemento de entrada España.
Título de la obra Leyes, etc.
9 (RLIN) 184149
710 1# - ENTRADA AGREGADA--NOMBRE DE ENTIDAD CORPORATIVA
Nombre de entidad corporativa o nombre de jurisdicción como elemento de entrada España.
Unidad subordinada Ministerio de Gobernación.
9 (RLIN) 3872
830 0# - PUNTO DE ACCESO ADICIONAL DE SERIE-TÍTULO UNIFORME
Título uniforme Régimen local ;
Designación de volumen o secuencia 1
9 (RLIN) 219084
852 ## - LOCALIZACIÓN
Ubicación ES-MaACL
Número de control de estantería D-9307
Holdings
Estatus retirado Estado de pérdida Estado de daño No para préstamo Biblioteca de origen Biblioteca actual Ubicación en estantería Fecha de adquisición Fuente de adquisición Total de préstamos Signatura topográfica completa Código de barras Visto por última vez Precio de reemplazo Tipo de ítem Koha
        Biblioteca del Ateneo de Madrid Biblioteca del Ateneo de Madrid Sala Valle Inclán 17/01/2008     D-9307 901131147 23/02/2023 23/02/2023 Libro impreso